01149nam a2200313 i 4500003000900000005001700009007000300026008004100029020001500070040003000085041000800115082002300123100003900146245004600185264007600231300002700307336002700334337003300361338002800394490001500422500007200437590002700509650002400536830007300560910001400633942001400647952015700661999001700818DO-SdBNP20250924073804.0ta250725s2004 dr 000 0 spa d a9993469076 aDO-SdBNPbspacBNPHUerda aspa a861.44 bF385L2221 aFerreras, Alexeautor9102054aut.10aLos lamentos de Lázaro /cAlex Ferreras 1aSan Juan, Puerto Rico :bEditora Imago Mundi,bEditora Manatí,c2004. a70 páginas ;c19 cm. atextobtxt2rdacontent asin mediaciónbn2rdamedia avolumenbnc2rdacarrier1 aPríncipe aIncluye datos biografícos del autor en la solapa de la cubierta.  aInventariado, 2025/ YL 7aPoesía Dominicana aPublicaciones de la Universidad Autónoma de Santo Domingov443952 aYLockward 2ddccLBS1 00102ddc51708PDaBNPHUbBNPHUcCTd2017-12-07eDonado por Ilonka Nacidit Perdomol0oBNPHU PD 861.44 F385Lp2025-7238r2025-07-25w2025-07-25yLBS1 c59634d59634